[Event "26th WSCC 2016 Open 65+"]
[Site "Marianske Lazne, Czech Republic - Hotel Cristal and Continental"]
[Date "2016.11.21"]
[Round "3.83"]
[White "Doubleday, William G"]
[Black "Scholtyssek, Werner"]
[Result "1-0"]
[WhiteElo "2013"]
[BlackElo "1734"]
[PlyCount "85"]
[EventDate "2016.11.19"]

1. d4 c5 2. e3 cxd4 3. exd4 d5 4. c4 Nf6 5. Nc3 e6 6. Nf3 Be7 7. Bd3 b6 8. O-O
Bb7 9. cxd5 Bxd5 10. Nxd5 Nxd5 11. Bb5+ Kf8 12. Re1 a6 13. Ba4 b5 14. Bb3 Nc6
15. Bd2 Bf6 16. Be3 Nxe3 17. fxe3 g6 18. Rc1 Na5 19. Re2 Kg7 20. Rec2 Nxb3 21.
axb3 Qa5 22. Rc7 Rhd8 23. Qf1 Rf8 24. Ne5 Qd2 25. Qf4 Ra7 26. Ng4 Bxd4 27.
Qxd4+ Qxd4 28. exd4 Rxc7 29. Rxc7 Rd8 30. Ne5 Rxd4 31. Rxf7+ Kg8 32. Rd7 Re4
33. Nf3 Re2 34. Rd2 Re3 35. Nd4 e5 36. Nc6 e4 37. Nd4 Kf7 38. Kf2 Rd3 39. Rxd3
exd3 40. Ke3 d2 41. Kxd2 Kf6 42. Ke3 h5 43. Ke4 1-0

[Event "26th WSCC 2016 Open 65+"]
[Site "Marianske Lazne, Czech Republic - Hotel Cristal and Continental"]
[Date "2016.11.21"]
[Round "3.84"]
[White "Birkestrand, Odd"]
[Black "Andreas, Guenter"]
[Result "1/2-1/2"]
[WhiteElo "1703"]
[BlackElo "2006"]
[PlyCount "33"]
[EventDate "2016.11.19"]

1. e4 e5 2. Nf3 Nc6 3. Bc4 Nf6 4. Ng5 d5 5. exd5 Na5 6. d3 Nxc4 7. dxc4 h6 8.
Nf3 e4 9. Qe2 Bd6 10. h3 Qe7 11. Nd4 O-O 12. Be3 Bd7 13. Nc3 a6 14. Nb3 Rae8
15. a3 a5 16. Qd2 a4 17. Nd4 $11 1/2-1/2

[Event "26th WSCC 2016 Open 65+"]
[Site "Marianske Lazne, Czech Republic - Hotel Cristal and Continental"]
[Date "2016.11.21"]
[Round "3.85"]
[White "Svec, Ludek"]
[Black "Pitzl, Konstantinos"]
[Result "1/2-1/2"]
[WhiteElo "1702"]
[BlackElo "2004"]
[PlyCount "41"]
[EventDate "2016.11.19"]

1. d4 g6 2. c4 Bg7 3. Nf3 Nf6 4. g3 O-O 5. Bg2 d6 6. O-O Nbd7 7. Qc2 c6 8. Nc3
e5 9. dxe5 dxe5 10. Rd1 Re8 11. e4 Qc7 12. b3 Nc5 13. Ba3 Bf8 14. Bb2 Bg4 15.
h3 Bxf3 16. Bxf3 Ne6 17. Ne2 Bc5 18. Bg2 Rad8 19. Rxd8 Rxd8 20. Rd1 Nd4 21.
Nxd4 1/2-1/2

[Event "26th WSCC 2016 Open 65+"]
[Site "Marianske Lazne, Czech Republic - Hotel Cristal and Continental"]
[Date "2016.11.21"]
[Round "3.86"]
[White "Klus, Jan"]
[Black "Chmelik, Jiri"]
[Result "0-1"]
[WhiteElo "1694"]
[BlackElo "2000"]
[PlyCount "102"]
[EventDate "2016.11.19"]

1. e4 c5 2. c3 Nf6 3. d3 Nc6 4. Nf3 d6 5. h3 e5 6. Be2 Be7 7. O-O O-O 8. Re1 d5
9. exd5 Nxd5 10. c4 Nf4 11. Nc3 Be6 12. Bf1 Ng6 13. Qb3 Nd4 14. Nxd4 exd4 15.
Ne2 Qc7 16. Ng3 Rae8 17. Qd1 Bd6 18. Ne4 Bh2+ 19. Kh1 Bf4 20. Qf3 b6 21. b3
Bxc1 22. Raxc1 h6 23. Qg3 Qf4 24. Kh2 Qxg3+ 25. Kxg3 f5 26. Nd2 f4+ 27. Kh2 Bf5
28. Nf3 Kf7 29. a3 Rxe1 30. Rxe1 Re8 31. Rxe8 Kxe8 32. Be2 Ke7 33. Kg1 Kf6 34.
a4 Ne7 35. Kf1 Nc6 36. Ne1 Nb4 37. Kg1 g5 38. f3 Ke5 39. Kf2 h5 40. Kf1 h4 41.
Kf2 Kd6 42. Kf1 a6 43. Kf2 Kc6 44. Kf1 b5 45. axb5+ axb5 46. cxb5+ Kxb5 47. Kf2
Ka5 48. Kf1 Nd5 49. Bd1 Ne3+ 50. Ke2 Kb4 51. Nc2+ Nxc2 0-1

[Event "26th WSCC 2016 Open 65+"]
[Site "Marianske Lazne, Czech Republic - Hotel Cristal and Continental"]
[Date "2016.11.21"]
[Round "3.87"]
[White "Vitek, Vaclav"]
[Black "Svoboda, Jaroslav"]
[Result "1-0"]
[WhiteElo "1999"]
[BlackElo "1712"]
[PlyCount "53"]
[EventDate "2016.11.19"]

1. e4 c5 2. Nf3 Nc6 3. Bb5 a6 4. Bxc6 bxc6 5. d3 g6 6. Bd2 Bg7 7. Bc3 f6 8. O-O
e5 9. Nbd2 Ne7 10. Nc4 O-O 11. Ba5 d5 12. Bxd8 Rxd8 13. Nb6 Rb8 14. Nxc8 Nxc8
15. Qc1 Ne7 16. b3 f5 17. Qa3 h6 18. Rad1 fxe4 19. dxe4 dxe4 20. Qxc5 Nf5 21.
g4 Nd4 22. Qc4+ Kh7 23. Nd2 a5 24. c3 Nc2 25. Qxe4 Na3 26. Nf3 Re8 27. Rd6 1-0

[Event "26th WSCC 2016 Open 65+"]
[Site "Marianske Lazne, Czech Republic - Hotel Cristal and Continental"]
[Date "2016.11.21"]
[Round "3.88"]
[White "Zurel, Maxim"]
[Black "Olesen, Poul Erik Norgaard"]
[Result "0-1"]
[WhiteElo "1635"]
[BlackElo "1998"]
[PlyCount "102"]
[EventDate "2016.11.19"]

1. e4 g6 2. d4 Bg7 3. Nf3 d6 4. Bc4 Nf6 5. Nbd2 O-O 6. O-O Nxe4 7. Nxe4 d5 8.
Ned2 dxc4 9. Nxc4 Nc6 10. c3 Qd5 11. Ne3 Qh5 12. Nd2 Qxd1 13. Rxd1 b6 14. Nd5
Bb7 15. Nxc7 Rad8 16. Nb5 e5 17. Nf3 a6 18. Na3 exd4 19. c4 d3 20. Nb1 Na5 21.
Nbd2 Rfe8 22. Rb1 Bxf3 23. gxf3 Nc6 24. b3 Nd4 25. Bb2 Re2 26. Kg2 f5 27. Nf1
Ne6 28. Bxg7 Kxg7 29. Rd2 Nf4+ 30. Kg3 g5 31. Rbd1 h5 32. h4 Rxd2 33. Rxd2 Ne2+
34. Kh3 g4+ 35. fxg4 hxg4+ 36. Kg2 f4 37. Nh2 f3+ 38. Kf1 Rd4 39. Ke1 Nc3 40.
Nf1 Kh6 41. Ne3 Kh5 42. Nf5 Rd7 43. Kf1 Ne4 44. Rd1 Nc3 45. Rd2 Nb1 46. Rd1 d2
47. Ng3+ Kxh4 48. Ne4 Rd4 49. a3 Rxe4 50. Rxb1 g3 51. fxg3+ Kxg3 0-1

[Event "26th WSCC 2016 Open 65+"]
[Site "Marianske Lazne, Czech Republ"]
[Date "2016.11.21"]
[Round "3.89"]
[White "Glacner, Karel"]
[Black "Vrchotka, Josef"]
[Result "0-1"]
[WhiteElo "1629"]
[BlackElo "1994"]
[PlyCount "95"]
[EventDate "2016.11.19"]

1. Nf3 d5 2. g3 Nf6 3. Bg2 Nc6 4. d4 Bf5 5. Nc3 Nb4 6. e4 dxe4 7. Nh4 Bg4 8. f3
exf3 9. Nxf3 Bf5 10. O-O c6 11. Ne1 e6 12. a3 Nbd5 13. Nf3 Be7 14. Ne5 O-O 15.
g4 Bg6 16. g5 Nd7 17. Ne4 Nxe5 18. dxe5 Qb6+ 19. Kh1 Ne3 20. Bxe3 Qxe3 21. Re1
Qf4 22. Qd2 Qxd2 23. Nxd2 Bxc2 24. Be4 Bxe4+ 25. Nxe4 Rad8 26. Rad1 Rd5 27. Nd6
Rxd1 28. Rxd1 Rd8 29. h4 Kf8 30. Kg2 Bxd6 31. exd6 Ke8 32. Kf3 Kd7 33. Ke4 Rf8
34. h5 f5+ 35. gxf6 gxf6 36. h6 Rg8 37. Kf4 Rg6 38. Rh1 Kxd6 39. Rd1+ Ke7 40.
Rh1 f5 41. Ke5 Rg4 42. Re1 a5 43. b3 b5 44. Re3 c5 45. Re2 c4 46. a4 bxa4 47.
bxa4 c3 48. Rd2 0-1

[Event "26th WSCC 2016 Open 65+"]
[Site "Marianske Lazne, Czech Republic - Hotel Cristal and Continental"]
[Date "2016.11.21"]
[Round "3.90"]
[White "Baumgarten, Werner"]
[Black "Hartlaub, Marianne"]
[Result "1-0"]
[WhiteElo "1882"]
[BlackElo "1558"]
[PlyCount "87"]
[EventDate "2016.11.19"]

1. d4 d6 2. c4 Nf6 3. Nc3 c6 4. e4 Bg4 5. f3 Bh5 6. g4 Bg6 7. h4 h6 8. Be3 Nbd7
9. Nge2 e5 10. Ng3 Be7 11. h5 Bh7 12. Qd2 O-O 13. Nf5 Bxf5 14. gxf5 Nh7 15.
O-O-O Ng5 16. Be2 a6 17. Kb1 Qa5 18. Rdf1 Nh7 19. Rhg1 Bf6 20. dxe5 Bxe5 21.
Bxh6 Kh8 22. Be3 b5 23. h6 Rg8 24. hxg7+ Rxg7 25. Rxg7 Kxg7 26. f4 Bf6 27. Qxd6
Bxc3 28. bxc3 Ndf6 29. Rg1+ Kh8 30. Bd4 Qd8 31. Qc5 Qe8 32. Bd3 bxc4 33. Qxc4
Qe7 34. Qxc6 Rb8+ 35. Ka1 Qd8 36. Rh1 Kg8 37. Rg1+ Kh8 38. Qxa6 Ra8 39. Qc4 Qe7
40. Qc6 Rg8 41. Rh1 Rg4 42. Bxf6+ Qxf6 43. Qxf6+ Kg8 44. Rxh7 1-0

[Event "26th WSCC 2016 Open 65+"]
[Site "Marianske Lazne, Czech Republic - Hotel Cristal and Continental"]
[Date "2016.11.21"]
[Round "3.91"]
[White "Krstic, Slobodan"]
[Black "Horak, Miroslav"]
[Result "0-1"]
[WhiteElo "1993"]
[BlackElo "1686"]
[PlyCount "56"]
[EventDate "2016.11.19"]

1. e4 c5 2. Nf3 d6 3. d4 cxd4 4. Nxd4 Nf6 5. Nc3 a6 6. f3 e6 7. Be3 Bd7 8. Qd2
Nc6 9. g4 Be7 10. Be2 O-O 11. O-O-O Nxd4 12. Qxd4 Bc6 13. Rhg1 Qc7 14. g5 Nd7
15. Rg3 Rac8 16. Qd2 b5 17. Rdg1 Qa5 18. Kb1 b4 19. Nd1 d5 20. Rh3 dxe4 21. f4
Rfd8 22. Qe1 Bd5 23. b3 Qc7 24. c4 bxc3 25. Kc2 Qa5 26. Bc4 Bxc4 27. Nxc3 Bd3+
28. Kb2 Rxc3 0-1

[Event "26th WSCC 2016 Open 65+"]
[Site "Marianske Lazne, Czech Republic - Hotel Cristal and Continental"]
[Date "2016.11.21"]
[Round "3.93"]
[White "De Haro, Martim Afonso Palma"]
[Black "Do Prado, Hamilton Mesquita"]
[Result "1-0"]
[WhiteElo "1990"]
[BlackElo "1672"]
[PlyCount "89"]
[EventDate "2016.11.19"]

1. d4 d5 2. Nc3 Nf6 3. Bg5 c6 4. Qd3 Bg4 5. O-O-O Nbd7 6. f3 Bh5 7. Nh3 Bg6 8.
e4 h6 9. Bh4 e6 10. Qe3 Be7 11. e5 Ng8 12. Bf2 Nb6 13. Nf4 Bg5 14. h4 Bxf4 15.
Qxf4 h5 16. g4 Ne7 17. Bd3 Qc7 18. Qg3 O-O-O 19. Rhe1 Kb8 20. Kb1 Rdg8 21. Ne2
Bxd3 22. Rxd3 Nc4 23. Nf4 Qb6 24. b3 g6 25. Nh3 Rh7 26. Ng5 Rhg7 27. Qf4 a5 28.
Rg1 Na3+ 29. Kc1 Nb5 30. Qf6 Qd8 31. Nxf7 Qf8 32. Ng5 hxg4 33. fxg4 Nc7 34. Bg3
Nc8 35. Qxf8 Rxf8 36. Kb2 Ne7 37. Rf3 Rxf3 38. Nxf3 Ng8 39. Nh2 Nh6 40. Rf1 Rf7
41. Bf4 Ng8 42. Bg5 Rxf1 43. Nxf1 Ne8 44. h5 gxh5 45. gxh5 1-0

[Event "26th WSCC 2016 Open 65+"]
[Site "Marianske Lazne, Czech Republic - Hotel Cristal and Continental"]
[Date "2016.11.21"]
[Round "3.95"]
[White "Gudashvili, Gavazi"]
[Black "Borensztajn, David"]
[Result "1/2-1/2"]
[WhiteElo "1617"]
[BlackElo "2211"]
[PlyCount "76"]
[EventDate "2016.11.19"]

1. e4 c5 2. Nf3 e6 3. d4 cxd4 4. Nxd4 Bc5 5. Nb3 Bb6 6. Bd3 Ne7 7. O-O O-O 8.
Qe2 Nbc6 9. Bg5 f6 10. Bh4 Ng6 11. Bg3 e5 12. Nc3 a5 13. a4 Nb4 14. Bc4+ Kh8
15. Nd5 Nxd5 16. Bxd5 d6 17. Nd2 Ne7 18. Bb3 f5 19. Nc4 f4 20. Bh4 Bc5 21. Rad1
Qe8 22. Nxd6 Bxd6 23. Rxd6 Nc6 24. c3 f3 25. gxf3 Bh3 26. Rfd1 Qh5 27. Bg3 Rxf3
28. Qd2 Rff8 29. Be6 Bxe6 30. Rxe6 Qg4 31. Qd5 Rad8 32. Rd6 Rde8 33. Rd7 Nd4
34. cxd4 Qxd1+ 35. Kg2 Qf3+ 36. Kg1 Qd1+ 37. Kg2 Qf3+ 38. Kh3 Qh5+ $11 1/2-1/2

[Event "26th WSCC 2016 Open 65+"]
[Site "Marianske Lazne, Czech Republic - Hotel Cristal and Continental"]
[Date "2016.11.21"]
[Round "3.96"]
[White "Novak, Jaromir"]
[Black "Goncharov, Viktor"]
[Result "1/2-1/2"]
[WhiteElo "1843"]
[BlackElo "2125"]
[PlyCount "123"]
[EventDate "2016.11.19"]

1. d4 f5 2. g3 Nf6 3. Bg2 e6 4. c4 c5 5. Nf3 Qc7 6. b3 b6 7. O-O Bb7 8. Bb2
cxd4 9. Nxd4 Bxg2 10. Kxg2 a6 11. Kg1 Be7 12. Nd2 Nc6 13. Nxc6 Qxc6 14. Rc1 O-O
15. Nf3 Rad8 16. Ne5 Qb7 17. Nd3 Ne4 18. f3 Nc5 19. Kg2 a5 20. Ba3 d6 21. Rc2
Rfe8 22. Nxc5 bxc5 23. Rc3 Rd7 24. Qc2 Qc6 25. Rd1 Ra8 26. Rb1 Kf7 27. Bc1 Bf6
28. Rd3 d5 29. cxd5 exd5 30. Bb2 d4 31. Qc4+ Qd5 32. Rc1 Qxc4 33. Rxc4 Rd5 34.
Ba3 Be7 35. e3 Rad8 36. exd4 cxd4 37. Rc7 R8d7 38. Rxd7 Rxd7 39. Bxe7 Kxe7 40.
Kf2 Ke6 41. Rd1 Kd5 42. Rc1 g5 43. Rc8 a4 44. Ke2 axb3 45. axb3 Re7+ 46. Kd2
Re3 47. Rd8+ Kc5 48. Rc8+ Kd6 49. Rd8+ Ke7 50. Rxd4 Rxb3 51. Ke2 h5 52. h3 Ke6
53. Rd2 Rb1 54. Kf2 f4 55. gxf4 gxf4 56. Kg2 Rb8 57. Ra2 Rg8+ 58. Kf2 Rc8 59.
Ra5 Rc2+ 60. Kg1 h4 61. Rh5 Rc3 62. Kg2 1/2-1/2

[Event "26th WSCC 2016 Open 65+"]
[Site "Marianske Lazne, Czech Republic - Hotel Cristal and Continental"]
[Date "2016.11.21"]
[Round "3.97"]
[White "Andersson, Finn"]
[Black "Carlsten, Peter"]
[Result "1/2-1/2"]
[WhiteElo "1833"]
[BlackElo "2099"]
[PlyCount "49"]
[EventDate "2016.11.19"]

1. e4 c5 2. Nf3 Nc6 3. d4 cxd4 4. Nxd4 g6 5. Nc3 Bg7 6. Be3 Nf6 7. f3 O-O 8.
Bc4 Qb6 9. Qd2 Nxe4 10. Nxc6 Nxd2 11. Nxe7+ Kh8 12. Bxb6 Nxc4 13. Nxc8 Rfxc8
14. Bf2 Nxb2 15. Ne2 Nd3+ 16. cxd3 Bxa1 17. Kd2 Bf6 18. Rb1 b6 19. h4 Rc6 20.
g4 Rac8 21. g5 Rc2+ 22. Kd1 Bb2 23. Rxb2 Rxb2 24. Bd4+ Kg8 25. Bxb2 1/2-1/2

[Event "26th WSCC 2016 Open 65+"]
[Site "Marianske Lazne, Czech Republic - Hotel Cristal and Continental"]
[Date "2016.11.21"]
[Round "3.98"]
[White "Schmieder, Siegfried"]
[Black "Marshall, Michael"]
[Result "1/2-1/2"]
[WhiteElo "2052"]
[BlackElo "1841"]
[PlyCount "45"]
[EventDate "2016.11.19"]

1. e4 c5 2. Nc3 a6 3. g3 b5 4. Bg2 Bb7 5. f4 Nc6 6. d3 g6 7. Nf3 Bg7 8. O-O b4
9. Ne2 e6 10. Qe1 Nge7 11. Qf2 d6 12. f5 exf5 13. Nh4 O-O 14. exf5 Nxf5 15.
Nxf5 gxf5 16. c3 bxc3 17. bxc3 Rb8 18. Rb1 Qd7 19. Qxf5 Qxf5 20. Rxf5 Ne7 21.
Rf2 Bxg2 22. Rxb8 Rxb8 23. Kxg2 1/2-1/2

[Event "26th WSCC 2016 Open 65+"]
[Site "Marianske Lazne, Czech Republic - Hotel Cristal and Continental"]
[Date "2016.11.21"]
[Round "3.99"]
[White "Lacha, Jan"]
[Black "Bondick, Karl-Heinz"]
[Result "0-1"]
[WhiteElo "1796"]
[BlackElo "2047"]
[PlyCount "114"]
[EventDate "2016.11.19"]

1. e4 e5 2. Nf3 f5 3. Nxe5 Nc6 4. d4 Qh4 5. Nc3 Bb4 6. Nf3 Qxe4+ 7. Qe2 Nf6 8.
Bd2 Bxc3 9. Bxc3 O-O 10. O-O-O d5 11. Ne5 Ng4 12. Qd2 Ngxe5 13. dxe5 Be6 14. b3
Rad8 15. f3 Qh4 16. g3 Qe7 17. Bb2 a6 18. Bd3 b5 19. Rhg1 Nb4 20. a3 Nxd3+ 21.
Qxd3 c5 22. Qe2 Rd7 23. f4 Rfd8 24. Rd2 d4 25. Rgd1 Rd5 26. Qd3 Qc7 27. c4 bxc4
28. bxc4 R5d7 29. Ba1 Rb8 30. Rb2 Rxb2 31. Kxb2 Qc6 32. Re1 Rb7+ 33. Ka2 a5 34.
Re2 Qa6 35. Rc2 a4 36. Bxd4 cxd4 37. Qxd4 Qb6 38. Qxb6 Rxb6 39. Ka1 Kf7 40. c5
Rc6 41. Kb2 Ke7 42. Kc1 Bb3 43. Rc3 Ke6 44. Kd2 h6 45. Ke3 g5 46. Kd4 Bd5 47.
h4 g4 48. Rc1 Rc8 49. Rb1 Bb3 50. Rc1 Kd7 51. Re1 Ke6 52. Rc1 Rd8+ 53. Kc3 Kd5
54. Kb4 Rb8+ 55. Ka5 Kc6 56. Rc3 Rb5+ 57. Ka6 Rxc5 0-1

[Event "26th WSCC 2016 Open 65+"]
[Site "Marianske Lazne, Czech Republic - Hotel Cristal and Continental"]
[Date "2016.11.21"]
[Round "3.101"]
[White "Wibe, Per H"]
[Black "De Giorgis, Georges"]
[Result "1-0"]
[WhiteElo "1805"]
[BlackElo "1653"]
[PlyCount "101"]
[EventDate "2016.11.19"]

1. d4 d5 2. Bf4 Nc6 3. c3 e6 4. Nf3 f6 5. e3 Nge7 6. Bd3 Ng6 7. Bg3 Bd6 8. Qc2
f5 9. h4 Bd7 10. h5 Nf8 11. Nbd2 Bxg3 12. fxg3 Qf6 13. Nb3 b6 14. Ba6 Rb8 15.
Bb5 a5 16. Nbd2 Na7 17. Bd3 Nc6 18. O-O-O h6 19. Rdf1 Kd8 20. g4 g6 21. hxg6
Qxg6 22. gxf5 exf5 23. Nh4 Qg5 24. Nxf5 Bxf5 25. Rxf5 Qxe3 26. Rxd5+ Kc8 27.
Ba6+ Rb7 28. Qd1 Kb8 29. Re1 Qf4 30. Re8+ Ka7 31. Bxb7 Kxb7 32. Qf3 Qxf3 33.
gxf3 Ng6 34. Rxh8 Nxh8 35. Rd7 Ng6 36. Rh7 Nf4 37. Rxh6 Nd3+ 38. Kc2 Ne1+ 39.
Kd1 Nd3 40. b3 b5 41. Rf6 b4 42. d5 Ne7 43. c4 Nc5 44. Ne4 Nd3 45. Rf7 Nc8 46.
d6 Ne5 47. Rxc7+ Kb8 48. Rg7 Nb6 49. c5 Nbd7 50. f4 Nd3 51. Rxd7 1-0

[Event "26th WSCC 2016 Open 65+"]
[Site "Marianske Lazne, Czech Republic - Hotel Cristal and Continental"]
[Date "2016.11.21"]
[Round "3.102"]
[White "Kasik, Miroslav"]
[Black "Kotva, Milan"]
[Result "0-1"]
[WhiteElo "1779"]
[BlackElo "1999"]
[PlyCount "62"]
[EventDate "2016.11.19"]

1. e4 e5 2. Nf3 Nc6 3. Bb5 a6 4. Ba4 Nf6 5. d4 exd4 6. O-O Be7 7. e5 Ne4 8.
Nxd4 Nc5 9. Nxc6 dxc6 10. Qxd8+ Bxd8 11. Bb3 Nxb3 12. cxb3 Be6 13. Nc3 Be7 14.
Be3 O-O-O 15. Rad1 Bd5 16. Rd2 Bb4 17. Rfd1 Rde8 18. Bf4 g5 19. Bg3 h5 20. h3
h4 21. Bh2 g4 22. hxg4 h3 23. g3 Rxe5 24. Rd3 Rhe8 25. Re3 Bxc3 26. bxc3 Rxe3
27. fxe3 Rxe3 28. c4 Be6 29. Kf2 Rc3 30. Rd2 Bxg4 31. Rb2 a5 0-1

[Event "26th WSCC 2016 Open 65+"]
[Site "Marianske Lazne, Czech Republic - Hotel Cristal and Continental"]
[Date "2016.11.21"]
[Round "3.103"]
[White "Just, Pavel"]
[Black "Dalling, Peter"]
[Result "1-0"]
[WhiteElo "1996"]
[BlackElo "1817"]
[PlyCount "125"]
[EventDate "2016.11.19"]

1. e4 e5 2. Nf3 Nf6 3. Nc3 Nc6 4. Bb5 Bc5 5. O-O Nd4 6. Bc4 d6 7. h3 O-O 8. d3
Be6 9. Bb3 Qd7 10. Kh2 c6 11. Bg5 Ne8 12. Nxd4 Bxd4 13. g4 Bb6 14. Qf3 Bc7 15.
Kg2 Bd8 16. Bd2 Nc7 17. Qg3 Bxb3 18. axb3 Ne6 19. f4 exf4 20. Bxf4 Be7 21. Be3
b6 22. Qf3 Bf6 23. Qf2 Qd8 24. Ra6 Bg5 25. Rfa1 Bxe3 26. Qxe3 Qf6 27. Rf1 Qd4
28. Nd1 Qxe3 29. Nxe3 Nc5 30. Raa1 Ne6 31. Nf5 c5 32. Nxd6 Nd4 33. Rf2 f6 34.
Nc4 Rfe8 35. Ne3 a5 36. Kf1 b5 37. Ke1 Re6 38. Nf5 Nc6 39. Ne3 Nd4 40. Kd2 Rea6
41. Nd5 R8a7 42. Nc3 g6 43. Nd5 Kg7 44. Rff1 Rb7 45. Ne3 Rba7 46. Ra2 Ra8 47.
Nd5 R8a7 48. Nf4 Ra8 49. Ne2 Nc6 50. Raa1 Rd8 51. Ke3 Nb4 52. Rfc1 h5 53. gxh5
Rh8 54. c3 Nc6 55. Ng3 gxh5 56. d4 c4 57. Nf5+ Kf8 58. bxc4 bxc4 59. Rf1 Nd8
60. Ra4 Ne6 61. Rxc4 Ra8 62. Rc6 Re8 63. d5 1-0

[Event "26th WSCC 2016 Open 65+"]
[Site "Marianske Lazne, Czech Republic - Hotel Cristal and Continental"]
[Date "2016.11.21"]
[Round "3.104"]
[White "Dvorak, Pavel"]
[Black "Green, Per"]
[Result "0-1"]
[WhiteElo "1753"]
[BlackElo "1967"]
[PlyCount "84"]
[EventDate "2016.11.19"]

1. Nf3 Nf6 2. d4 e6 3. e3 d5 4. Bd3 Bd6 5. Nbd2 c5 6. c3 Nc6 7. O-O Qc7 8. Re1
Bd7 9. e4 cxd4 10. cxd4 dxe4 11. Nxe4 Nxe4 12. Bxe4 Ne7 13. Ne5 Bxe5 14. dxe5
Bc6 15. Qd6 Qxd6 16. exd6 Bxe4 17. Rxe4 Nd5 18. b3 Kd7 19. Ba3 Rac8 20. Rg4 g6
21. Bb2 Rhe8 22. Ba3 Rc2 23. Rc4 Rc8 24. Rc1 Rxc1+ 25. Bxc1 b5 26. Rxc8 Kxc8
27. Kf1 Kd7 28. Ba3 b4 29. Bb2 Kxd6 30. g3 Kc5 31. Ke1 Ne7 32. Ke2 Kd5 33. Bf6
Nc6 34. Ke3 e5 35. f3 Nd4 36. g4 Ke6 37. Bd8 f5 38. g5 Kd5 39. Be7 f4+ 40. Kf2
Nc6 41. Bf6 Kd4 42. Ke2 Kc3 0-1

[Event "26th WSCC 2016 Open 65+"]
[Site "Marianske Lazne, Czech Republic - Hotel Cristal and Continental"]
[Date "2016.11.21"]
[Round "3.105"]
[White "Mittelbach, Zdenek"]
[Black "Freeke, Kees"]
[Result "1/2-1/2"]
[WhiteElo "1944"]
[BlackElo "1791"]
[PlyCount "98"]
[EventDate "2016.11.19"]

1. c4 f5 2. d4 e6 3. Nc3 Nf6 4. e3 b6 5. Nf3 Bb7 6. Be2 Bb4 7. O-O O-O 8. Nb1
Be7 9. Nbd2 Ne4 10. Qc2 d6 11. Ne1 Nxd2 12. Bxd2 Be4 13. Qb3 Bb7 14. Nd3 Bg5
15. Rfd1 Kh8 16. Bc3 f4 17. exf4 Bxf4 18. Nxf4 Rxf4 19. Rd3 Be4 20. Rg3 d5 21.
Bd2 Rf8 22. Qe3 Nc6 23. Rc1 Ne7 24. Bg4 Bf5 25. cxd5 Nxd5 26. Qe1 Bxg4 27. Rxg4
Qd7 28. Qe2 Rab8 29. h3 a5 30. Qc4 Qf7 31. Be1 Qd7 32. Rc2 Rf6 33. Re4 Rg6 34.
Rce2 Rf6 35. Bd2 Rg6 36. Re5 c6 37. Rh5 Nf6 38. Rhe5 Nd5 39. Bc1 Rc8 40. Bd2
Rf8 41. Qd3 Re8 42. a3 Rf8 43. Rh5 Ne7 44. Qe4 Rff6 45. Bg5 Rf5 46. Qh4 Kg8 47.
Bxe7 Qd5 48. Rg5 Rfxg5 49. Bxg5 Rxg5 1/2-1/2

[Event "26th WSCC 2016 Open 65+"]
[Site "Marianske Lazne, Czech Republic - Hotel Cristal and Continental"]
[Date "2016.11.21"]
[Round "3.106"]
[White "Hocevar, Nikola"]
[Black "Kummer, Heinz"]
[Result "1-0"]
[WhiteElo "1910"]
[BlackElo "1702"]
[PlyCount "41"]
[EventDate "2016.11.19"]

1. d4 g6 2. e4 Bg7 3. Nc3 d6 4. Be3 Nh6 5. h3 f6 6. Qd2 Nf7 7. f4 O-O 8. Nf3
Nd7 9. Bc4 Kh8 10. g4 Nb6 11. Bb3 e6 12. O-O-O d5 13. e5 a5 14. a3 c6 15. Qe2
a4 16. Ba2 Nd7 17. h4 Kg8 18. h5 g5 19. fxg5 fxg5 20. h6 Kh8 21. hxg7+ 1-0

[Event "26th WSCC 2016 Open 65+"]
[Site "Marianske Lazne, Czech Republic - Hotel Cristal and Continental"]
[Date "2016.11.21"]
[Round "3.107"]
[White "Marsina, Stefan"]
[Black "Zak, Jiri"]
[Result "1-0"]
[WhiteElo "1910"]
[BlackElo "1628"]
[PlyCount "59"]
[EventDate "2016.11.19"]

1. Nf3 d5 2. d4 Nf6 3. c4 c6 4. cxd5 cxd5 5. Nc3 e6 6. Bf4 Be7 7. e3 Qa5 8. Bd3
O-O 9. O-O Bd7 10. Rc1 Bc6 11. Ne5 Be8 12. a3 Nc6 13. Ng4 Nxg4 14. Qxg4 f5 15.
Qg3 Rc8 16. Nb5 Qd8 17. Nd6 Bxd6 18. Bxd6 Rf7 19. Rc2 Rf6 20. h3 Rg6 21. Qf4
Qg5 22. Qxg5 Rxg5 23. Rfc1 Bd7 24. b4 a6 25. a4 Rg6 26. b5 Na7 27. Rxc8+ Nxc8
28. Be5 a5 29. Rc7 Nb6 30. Rxb7 1-0

[Event "26th WSCC 2016 Open 65+"]
[Site "Marianske Lazne, Czech Republic - Hotel Cristal and Continental"]
[Date "2016.11.21"]
[Round "3.108"]
[White "Marcovici, Adrian"]
[Black "Schramek, Kurt"]
[Result "1-0"]
[WhiteElo "1906"]
[BlackElo "1602"]
[PlyCount "117"]
[EventDate "2016.11.19"]

1. e4 c5 2. Nf3 d6 3. d4 cxd4 4. Nxd4 Nf6 5. Nc3 Nc6 6. Nde2 e6 7. g3 Be7 8.
Bg2 Bd7 9. O-O O-O 10. h3 a6 11. a4 Rc8 12. f4 Qc7 13. Be3 Na5 14. b3 Nc6 15.
Qe1 Nb4 16. Rc1 Bc6 17. Qf2 d5 18. Bb6 Qb8 19. Bc5 Qc7 20. Bb6 Qb8 21. e5 Ne4
22. Qd4 Nxc3 23. Nxc3 Bd7 24. Kh2 Nc6 25. Qe3 Nb4 26. f5 exf5 27. Nxd5 Nxd5 28.
Bxd5 Be6 29. c4 h6 30. Rcd1 Bd8 31. Bc5 Re8 32. Bd6 Bc7 33. Bxe6 fxe6 34. Rd3
Rcd8 35. Rfd1 Qc8 36. c5 Ba5 37. Qd4 Qc6 38. Qc4 Qc8 39. b4 Bc7 40. b5 axb5 41.
axb5 Bb8 42. c6 bxc6 43. bxc6 Bc7 44. Rb1 Qa8 45. Bxc7 Rxd3 46. Qxd3 Qa2+ 47.
Kh1 Ra8 48. Bd6 Qf2 49. Rb8+ Rxb8 50. Bxb8 Qe1+ 51. Kg2 f4 52. gxf4 Qc1 53. c7
Qc6+ 54. Kf2 Qc5+ 55. Ke2 Qc6 56. Qd8+ Kh7 57. c8=Q Qg2+ 58. Kd1 Qf1+ 59. Kc2
1-0

[Event "26th WSCC 2016 Open 65+"]
[Site "Marianske Lazne, Czech Republic - Hotel Cristal and Continental"]
[Date "2016.11.21"]
[Round "3.109"]
[White "Bohman, Leif"]
[Black "Sevenyuk, Alexey"]
[Result "0-1"]
[WhiteElo "1749"]
[BlackElo "1877"]
[PlyCount "88"]
[EventDate "2016.11.19"]

1. d4 e6 2. Bf4 d5 3. e3 Bd6 4. Bg3 b6 5. Nf3 Ne7 6. Bd3 Ba6 7. Bxd6 cxd6 8. c3
Bxd3 9. Qxd3 Nd7 10. Nbd2 O-O 11. O-O Nf6 12. Rfe1 Ng6 13. a4 a6 14. g3 Qd7 15.
e4 dxe4 16. Nxe4 Nxe4 17. Qxe4 d5 18. Qe2 Qc7 19. h4 h6 20. h5 Ne7 21. Ne5 Nc6
22. Nxc6 Qxc6 23. f4 Qc4 24. Qe3 Qb3 25. Re2 b5 26. Ra3 Qd1+ 27. Kf2 bxa4 28.
Qd2 Qh1 29. Rxa4 Qxh5 30. Kg2 a5 31. Qd3 Rfb8 32. Qc2 g6 33. Ra1 Qf5 34. Qd1 h5
35. Rb1 Qg4 36. Re1 Qxd1 37. Rexd1 Rb3 38. Rd2 Rab8 39. Rc2 a4 40. Ra1 Rxb2 41.
Rxb2 Rxb2+ 42. Kf3 Rb3 43. Rxa4 Rxc3+ 44. Kg2 Kg7 0-1

[Event "26th WSCC 2016 Open 65+"]
[Site "Marianske Lazne, Czech Republic - Hotel Cristal and Continental"]
[Date "2016.11.21"]
[Round "3.112"]
[White "Ramusch, Arnulf"]
[Black "Gutt, Gregory"]
[Result "1-0"]
[WhiteElo "2001"]
[BlackElo "1766"]
[PlyCount "71"]
[EventDate "2016.11.19"]

1. d4 d5 2. c4 c6 3. Nf3 Bf5 4. e3 Nf6 5. Nc3 e6 6. Qb3 Qc7 7. Bd2 Nbd7 8. cxd5
exd5 9. Rc1 a6 10. Nxd5 Nxd5 11. Qxd5 Be6 12. Qe4 Qd6 13. a3 Nf6 14. Qc2 Be7
15. Bd3 h6 16. O-O O-O 17. Bb4 Qc7 18. Bxe7 Qxe7 19. Qc5 Qxc5 20. Rxc5 Nd7 21.
Rc3 Nb6 22. Rfc1 Rad8 23. b4 g6 24. h3 Kg7 25. Ne5 Na4 26. R3c2 Rfe8 27. Bc4
Nb6 28. Bxe6 Rxe6 29. Nd3 Re7 30. Rd2 Nc8 31. a4 Nb6 32. b5 cxb5 33. axb5 a5
34. Ra2 a4 35. Nc5 Rd5 36. Rb1 1-0